000 00338nam a2200145 a 4500
008 020730s1967||||xx 0 und c
040 _aSNK
_bslo
_cSNK
_eAACR2
100 1 _aFlaubert, Gustave
245 1 0 _aCitová výchova
260 _bTatran
_c1967
_aBratislava
300 _a358 s.
020 _c23
044 _axo
_cSK
041 _aslo
999 _c10627
_d10627